Nations in transit 2006 democratization from Central Europe to Eurasia
Salvato in:
| Natura: | Libro |
|---|---|
| Lingua: | inglese |
| Pubblicazione: |
Budapest
Aquincum Publishing
2006
|
| Soggetti: | |
| Tags: |
Nessun Tag, puoi essere il primo ad aggiungerne!!
|
MARC
| LEADER | 00000nam a2200000 4500 | ||
|---|---|---|---|
| 001 | 0121522 | ||
| 005 | 20240429111924.9 | ||
| 020 | |a 963-86615-8-5 | ||
| 041 | 0 | |a eng | |
| 044 | |a HU | ||
| 245 | 1 | 0 | |a Nations in transit 2006 |b democratization from Central Europe to Eurasia |c edited by: Jeannette Goehring |
| 264 | 1 | |a Budapest |b Aquincum Publishing |c 2006 | |
| 300 | |a 710 s. | ||
| 610 | 2 | 0 | |a krajiny tranzitívne |
| 610 | 2 | 0 | |a vývoj hospodársky |
| 610 | 2 | 0 | |a demokratizácia |
| 610 | 2 | 0 | |a vláda |
| 610 | 2 | 0 | |a voľby |
| 610 | 2 | 0 | |a spoločnosť |
| 610 | 2 | 0 | |a médiá |
| 610 | 2 | 0 | |a poriadok právny |
| 610 | 2 | 0 | |a porovnanie medzinárodné |
| 610 | 2 | 0 | |a informácie |
| 610 | 2 | 0 | |a analýzy |